000 00212 a2200097 4500
001 18953
100 _aAitken A C
245 _aStatistical mathematics
260 _a
_bOliver & Boyd
_c1944
090 _c14041
_d14041
942 _aNUST-CAE
_cM
_c4494
999 _c254026
_d254026